| 000 | 00515nam a2200133Ia 4500 | ||
|---|---|---|---|
| 008 | 150609s9999 xx 000 0 und d | ||
| 050 |
_aBF 503 _b.Ag283 2015 |
||
| 100 | _aAguila, Keynard Tristan H. | ||
| 245 |
_aFactors that affect the motivation of nurses in Las Piñas doctor's hospital / _cKeynard Tristan H. Aguila. |
||
| 260 |
_aLas Piñas, Philippines : _bSISC, _c2015. |
||
| 300 |
_a63 pages: _billustrations ; _c28 cm. |
||
| 500 | _aIncludes bibliographical references and appendices. | ||
| 650 | _aMotivation | ||
| 999 |
_c285046 _d285046 |
||